| 000 | 00358nam a2200145Ia 4500 | ||
|---|---|---|---|
| 008 | 200103s9999||||xx |||||||||||||| ||und|| | ||
| 040 | _aIMU-MPC | ||
| 082 | _aColumn-59 | ||
| 100 | _aPotter james h. | ||
| 245 | 0 | _aHandbook of The engineering sciences | |
| 250 | _aVol.l | ||
| 260 |
_bD .van nostrand company inc _c1967 |
||
| 300 | _axv1347 | ||
| 942 | _cBK | ||
| 999 |
_c10886 _d10886 |
||